000 00443nam a22001817a 4500
003 LK-CoDNM
005 20250103151456.0
008 250103b |||||||| |||| 00| 0 eng d
040 _aLK-CoDNM
_dLK-CoDNM
_eLK-CoDNM
041 _aeng
080 _a4a
_bD8
245 _aThe Journal Of The Linnean Society
260 _aLondon
_c1868
_bEdward Stanford
300 _a496p. : 21 cm
490 _vVol.ix
650 _aScience
942 _cBK
999 _c234874
_d234874